000 00496nam a2200181Ia 4500
005 20250508162640.0
008 008 250505s9999 xx 000 0 hin d
037 _aTextual
040 _aFEDL
_beng
_cFEDL
041 _ahin
_2hin
084 _a418, BHA
_qFEDL
100 _aBhatia K C
_9610813
245 0 _aAngrezi-hindi shabdon ka thik prayog
260 _aDelhi, India
_bPrabhat Prakashan
_c1987
300 _a218p.
942 _cTEXL
_h418, BHA
999 _c1377837
_d1377837